000 00569cam a2200181 4500
001 D11386
008 090401t1984 xxu||||| |||| 00| 0 eng d
035 _a(Sirsi) u97969
041 _aeng
050 _a690.23
100 _aRobertson, J.D.M.
245 _aCost information by BCIS/BMCIS: the next three years
260 _c1984
350 _a0
520 _aIn: RICS. Quantity Surveyors` Division. Thirteenth triennial conference of chartered quantity surveyors: 1984 and beyond. (Held at RICS) 4 - 5 April 1984. 1984/6 AB
942 _n0
948 _c04/03/1997
999 _c99039
_d99039